Nemísta měst : opomíjená, pomíjivá a míjená místa měst /

Hlavní autor: Háblová, Anna Beata, 1983-
Jazyk: Čeština
Vydáno: Brno : Host, 2019
Vydání: První vydání
Témata:
Fyzický popis: 167 stran : ilustrace ; 24 cm
Language note: Anglické resumé
Knihy
Uloženo v:
LEADER 02242nam a2200601 i 4500
001 nkc20193122372
003 CZ PrNK
005 20201109082357.0
007 ta
008 190809s2019 xr a e 000 0 cze
015 |a cnb003122372 
020 |a 978-80-7577-992-2  |q (brožováno) :  |c Kč 349,00 
035 |a (OCoLC)1135593425 
040 |a BOA001  |b cze  |e rda 
041 0 |a cze  |b eng 
072 7 |a 71  |x Územní plánování. Urbanismus. Památková péče  |2 Konspekt  |9 21 
080 |a 316.334.56  |2 MRF 
080 |a 711.4  |2 MRF 
080 |a 911.53:711.4  |2 MRF 
080 |a 72:316.72/75  |2 MRF 
080 |a (0:82-4)  |2 MRF 
080 |a (0:82-32)  |2 MRF 
100 1 |a Háblová, Anna Beata,  |d 1983-  |7 mzk2013749004  |4 aut 
245 1 0 |a Nemísta měst :  |b opomíjená, pomíjivá a míjená místa měst /  |c Anna Beata Háblová 
250 |a První vydání 
264 1 |a Brno :  |b Host,  |c 2019 
300 |a 167 stran :  |b ilustrace ;  |c 24 cm 
336 |a text  |b txt  |2 rdacontent 
337 |a bez média  |b n  |2 rdamedia 
338 |a svazek  |b nc  |2 rdacarrier 
504 |a Obsahuje bibliografii a bibliografické odkazy 
546 |a Anglické resumé 
650 0 7 |a veřejný prostor  |7 ph883825  |2 czenas 
650 0 7 |a urbanismus  |7 ph116541  |2 czenas 
650 0 7 |a městská krajina  |7 ph948131  |2 czenas 
650 0 7 |a architektura a společnost  |7 ph166048  |2 czenas 
650 0 9 |a public space  |2 eczenas 
650 0 9 |a city planning  |2 eczenas 
650 0 9 |a urban landscape  |2 eczenas 
650 0 9 |a architecture and society  |2 eczenas 
653 0 |a ztracená místa 
655 7 |a eseje  |7 fd132213  |2 czenas 
655 7 |a příběhy  |7 fd133204  |2 czenas 
655 9 |a essays  |2 eczenas 
655 9 |a stories  |2 eczenas 
910 2 |a BOA001  |b 2-1438.378 
990 |a BK 
995 |a 01 
991 |b 201911  |c NOV 
996 6 |b 2610805527  |c 2-1438.378  |l MZK  |r Sklad / do 1 hodiny  |n 7  |p p.v.  |w 001767295  |u 000010  |a 1  |e BOA001  |j MZK50  |s P 
996 7 |b 2610805528  |c 2-1438.378  |l MZK  |r Sklad / do 1 hodiny  |n 18  |p p.v.  |w 001767295  |u 000020  |a 1  |e BOA001  |j MZK50  |s A 
996 3 |b 2610811075  |c 2-1438.378  |l MZK  |r CLC  |n 0  |p kup ; Praha  |w 001767295  |u 000030  |a 1  |e BOA001  |j MZK50  |s N 
996 7 |b 2610843905  |c 2-1438.378  |l MZK  |r Sklad / do 1 hodiny  |n 12  |p kup  |w 001767295  |u 000040  |a 1  |e BOA001  |j MZK50  |s A